Obálka Náhled e-knihy:
PDF Epub
Pro půjčování e-knih musíte být přihlášeni.
Jak si půjčit online?

Dech : nové poznatky o ztraceném umění /

Autor se věnuje fenoménu dýchání a dechu z různých úhlů pohledu.

Uloženo v:
Hlavní autor: Nestor, James (Autor)
Další autoři: Vargová, Alžběta (Autor)
Médium: E-kniha
Jazyk:Czech
Vydáno: Brno : Host, 2021
Vydání:První vydání
Témata:
Tagy:
Žádné tagy
LEADER 02603cam a2200517 i 4500
001 301481
003 CZ PrSKC
005 20260430063208.0
007 ta
008 210218s2021 xr e f 001 0 cze d
015 |a cnb003365618 
020 |a 9788027507085  |q (brožováno) :  |c Kč 379,00 
035 |a (OCoLC)1296109288 
040 |a OSA001  |b cze  |d LIA001  |d OLA001  |e rda 
041 1 |a cze  |h eng 
072 7 |a 615.8  |x Fyzioterapie. Psychoterapie. Alternativní lékařství  |2 Konspekt 
080 |a 612.2  |2 MRF 
080 |a 615.8  |2 MRF 
080 |a 615.825:612.21  |2 MRF 
080 |a (0.062)  |2 MRF 
100 1 |a Nestor, James  |7 hka20211103739  |4 aut 
240 1 0 |a Breath.  |l Česky 
245 1 0 |a Dech :  |b nové poznatky o ztraceném umění /  |c James Nestor ; přeložila Alžběta Vargová 
250 |a První vydání 
264 1 |a Brno :  |b Host,  |c 2021 
300 |a 379 stran ;  |c 21 cm 
336 |a text  |b txt  |2 rdacontent 
337 |a bez média  |b n  |2 rdamedia 
338 |a svazek  |b nc  |2 rdacarrier 
500 |a Přeloženo z angličtiny 
504 |a Obsahuje bibliografické odkazy a rejstřík 
520 2 |a Autor se věnuje fenoménu dýchání a dechu z různých úhlů pohledu.  |b Autor nehledá jen v plicních laboratořích, ale rovněž u pěveckých sborů, na starověkých pohřebištích, sovětských výzkumných základnách nebo v ulicích Săo Paula. Porovnává vědecké poznatky z oblasti fyziologie, biochemie či psychologie s jogínskými a dalšími tradicemi a ukazuje, že dýchání je naprostý základ našeho bytí. Jen možná trochu jinak, než by se dalo čekat. Nakladatelská anotace. Kráceno. 
650 0 7 |a dýchání  |7 ph119767  |x terapeutické účinky  |2 czenas 
650 0 7 |a dechová cvičení  |7 ph234827  |2 czenas 
650 0 7 |a alternativní terapie  |7 ph137043  |2 czenas 
650 0 9 |a respiration  |x therapeutic effects  |2 eczenas 
650 0 9 |a breathing exercises  |2 eczenas 
650 0 9 |a alternative therapy  |2 eczenas 
655 7 |a populárně-naučné publikace  |7 fd131864  |2 czenas 
655 9 |a popular works  |2 eczenas 
700 1 |a Vargová, Alžběta  |7 xx0235337  |4 trl 
900 |a ABA001  |b 20 
044 |a xr 
910 |a RBIT002 
998 |d 340279  |a https://core.palmknihy.cz/api/books/340279/cover?r2oc6g  |b https://core.palmknihy.cz/api/books/340279/cover/400?r2oc6g  |c https://core.palmknihy.cz/api/books/340279/cover/50?r2oc6g  |e 2030-10-23  |g 381  |i 9788027507085  |j https://core.palmknihy.cz/api/books/340279/preview.epub  |k https://core.palmknihy.cz/api/books/340279/preview.pdf  |l   |q 49  |r 1  |s https://www.palmknihy.cz/kniha/340279  |t ebook  |y 2021  |z 0 
999 |d 301479